00502 a2200181 450000100060000002000180000604000240002410000240004824000330007224500280010530000070013336200090014044000120014965000310016194200070019295201040019999900170030369090 a9788502049680 cAnchieta - Itaigara aAlbergaria, Lino de10aA família invisívellpor10aA família invisível a830 a2005 1aSaraiva 4aLiteratura infanto-juvenil cBK 00104070a88.1b88.1d2023-11-21l0o028.5 ALB FAMp1057/ITAr2023-11-21 20:03:30w2023-11-21yBK c69090d69090